| 000 | 00501nam a2200133 4500 | ||
|---|---|---|---|
| 999 |
_c8999 _d8999 |
||
| 008 | 180402b ||||| |||| 00| 0 eng d | ||
| 082 | _aDPer 050 Dec 2015-Mar 2016 T48 v186-187 | ||
| 100 |
_927076 _aCampbell, Charlie. |
||
| 245 |
_aTaiwan's new president reflects the island's changing identity/ _cCharlie Campbell. |
||
| 260 |
_aNew York : _bTime Inc., _c©Dec 2015-Mar 2016. |
||
| 300 |
_av187 n3, pages 10-11: _billustrations; _c27 cm. |
||
| 650 | 0 |
_927077 _aPresidents _zTaiwan. |
|
| 942 |
_2ddc _cPER |
||